Environmental science : Managing the environmental
Uloženo v:
| Hlavní autor: | |
|---|---|
| Médium: | Kniha |
| Jazyk: | Undetermined |
| Vydáno: |
Columbus
Merrill
1983
|
| Témata: | |
| Tagy: |
Přidat tag
Žádné tagy, Buďte první, kdo otaguje tento záznam!
|
| Thư viện lưu trữ: | Trung tâm Học liệu Trường Đại học Cần Thơ |
|---|
| LEADER | 00566nam a2200193Ia 4500 | ||
|---|---|---|---|
| 001 | CTU_125735 | ||
| 008 | 210402s9999 xx 000 0 und d | ||
| 082 | |a 304.2 | ||
| 082 | |b P985 | ||
| 100 | |a Purdom, P. Walton | ||
| 245 | 0 | |a Environmental science : | |
| 245 | 0 | |b Managing the environmental | |
| 245 | 0 | |c P. Walton Purdom, Stanley H. Anderson | |
| 260 | |a Columbus | ||
| 260 | |b Merrill | ||
| 260 | |c 1983 | ||
| 650 | |a Ecology,Environmental protection,Environmental sciences | ||
| 904 | |i Hiếu | ||
| 980 | |a Trung tâm Học liệu Trường Đại học Cần Thơ | ||